00504nam a22001577a 450000500170000001000170001702000260003403500170006003700120007708200080008910000180009724501420011526000350025730000330029250000210032520130514122700.0 aB-505180-209 a9780194312509c545.00 aB-505180-209 bUBH/Ven a485 aSwan, Michael aOxford English Grammar Course Advanced :ba grammar practice book for advanced students od English /cby Michael Swan & Catherine Walter bOxford University Presscc2011 axiii, 348p.bill.c26cm(pbk) aIt include index